Direito administrativo / (Record no. 413)

MARC details
000 -LÍDER
Campo Fixo de Controle 00901nam a2200277 a 4500
001 - NÚMERO DE CONTROLE
Campo de Controle 413
003 - IDENTIFICAÇÃO DO NÚMERO DE CONTROLE
Campo de Controle BR-CuiBMT
005 - DATA E HORA DA ÚLTIMA ATUALIZAÇÃO
Campo de Controle 20231129141934.0
008 - DADOS FIXOS
Dados Fixos 230807s2005 rjb 000 0 por d
020 ## - INTERNATIONAL STANDARD BOOK NUMBER
Nº do ISBN 8576261170
040 ## - AGÊNCIA CATALOGADORA
Código da Agência Catalogadora BR-CuiBMT
Agência que transcreveu o registro BR-CuiBMT
080 ## - Nº DA CLASSIFICAÇÃO DECIMAL UNIVERSAL
Nº Class. CDU 35.077.1
Nº edição CDU 2007
090 ## - NÚMERO DE CHAMADA
Nº classificação 35.077.1
Cutter D598
245 00 - TÍTULO PRINCIPAL
Título principal Direito administrativo /
Indicação de responsabilidade Marcelo Leonardo Araújo coordenador ; [autores Diogo de Figueiredo Moreira Neto ... et el.].
260 ## - PUBLICAÇÃO, DISTRIBUIÇÃO, ETC.
Local de publicação Niterói :
Editora Impetus,
Data 2005.
300 ## - DESCRIÇÃO FÍSICA
N. páginas ou volumes 290 p. ;
Dimensões 23 cm
490 1# - INDICAÇÃO DE SÉRIE
Título da série Direito em foco
504 ## - NOTA DE BIBLIOGRAFIA, ETC.
Nota de bibliografia Inclui bibliografia.
650 ## - ASSUNTO TÓPICO
Cabeçalho tópico ou nome geográfico Direito administrativo
Subdivisão geográfica Brasil
650 ## - ASSUNTO TÓPICO
Cabeçalho tópico ou nome geográfico Administração pública
Subdivisão geográfica Brasil
650 ## - ASSUNTO TÓPICO
Cabeçalho tópico ou nome geográfico Serviço público
Subdivisão geográfica Brasil
700 1# - ENTRADA SECUNDÁRIA -- NOME PESSOAL
Nome pessoal Araújo, Marcelo Leonardo
Cód. do termo explicativo coord.
700 1# - ENTRADA SECUNDÁRIA -- NOME PESSOAL
Nome pessoal Moreira Neto, Diogo de Figueiredo,
Datas associadas ao nome 1933-2017
Termo de relação et al.
-- autores
830 #0 - ENTRADA SECUNDÁRIA DE SÉRIE -- TÍTULO UNIFORME
Título uniforme Direito em foco
942 ## - ELEMENTOS DE ENTRADA ADICIONAIS (KOHA)
Fonte de classificação ou esquema de arquivamento Classificação Decimal Universal
Tipo de item do Koha Livros
Holdings
Estado: removido Estado: perdido Fonte de classificação ou esquema de arquivamento Estado: danificado Indisponível para empréstimo Localização permanente Localização atual Data de aquisição Total Checkouts Número de Chamada completo Código de barras Date last seen Número do exemplar Preço efetivo a partir de Tipo de item (Koha)
    Classificação Decimal Universal     Biblioteca da Escola Superior de Contas do TCE/MT Biblioteca da Escola Superior de Contas do TCE/MT 17/10/2018   35.077.1 D598 BIBTCEMT23110139 06/11/2023 Ex. 1 06/11/2023 Livros

Powered by Koha